<?xml version="1.0" encoding="UTF-8"?>
<collection xmlns="http://www.loc.gov/MARC21/slim">
 <record>
  <leader>00787nam a22001575a 4500</leader>
  <controlfield tag="001">EEA.libagro003692</controlfield>
  <controlfield tag="005">20190520123704.0</controlfield>
  <controlfield tag="008">130809s1987####ag#a##########100#0#spa#d</controlfield>
  <datafield tag="082" ind1="0" ind2="4">
   <subfield code="a">633.85</subfield>
  </datafield>
  <datafield tag="111" ind1="2" ind2=" ">
   <subfield code="a">Reunión Técnica Nacional de Girasol</subfield>
   <subfield code="n">(V :</subfield>
   <subfield code="d">2 al 4 se septiembre de 1987 :</subfield>
   <subfield code="c">Bahía Blanca)</subfield>
  </datafield>
  <datafield tag="245" ind1="1" ind2="0">
   <subfield code="a">Reunión Técnica Nacional de Girasol :</subfield>
   <subfield code="b">actas /</subfield>
   <subfield code="c">Asociación Argentina de Girasol, Universidad Nacional del Sur.</subfield>
  </datafield>
  <datafield tag="260" ind1=" " ind2=" ">
   <subfield code="a">Bahía Blanca :</subfield>
   <subfield code="b">Asociación Argentina de Girasol :</subfield>
   <subfield code="b">Universidad Nacional del Sur,</subfield>
   <subfield code="c">1987.</subfield>
  </datafield>
  <datafield tag="300" ind1=" " ind2=" ">
   <subfield code="a">292 p :</subfield>
   <subfield code="b">tabls., gráfs. ;</subfield>
   <subfield code="c">28 cm.</subfield>
  </datafield>
  <datafield tag="859" ind1=" " ind2=" ">
   <subfield code="a">AR-BbBCA</subfield>
   <subfield code="b">BIB. AGRONOMIA</subfield>
   <subfield code="h">633.85</subfield>
   <subfield code="i">R444 5 1987</subfield>
   <subfield code="p">1988/0929</subfield>
  </datafield>
  <datafield tag="859" ind1=" " ind2=" ">
   <subfield code="a">AR-BbBCA</subfield>
   <subfield code="b">BIB. AGRONOMIA</subfield>
   <subfield code="h">633.85</subfield>
   <subfield code="i">R444 5 1987</subfield>
   <subfield code="p">1988/0930</subfield>
   <subfield code="t">Ej.2</subfield>
  </datafield>
  <datafield tag="859" ind1=" " ind2=" ">
   <subfield code="a">AR-BbBCA</subfield>
   <subfield code="b">BIB. AGRONOMIA</subfield>
   <subfield code="h">633.85</subfield>
   <subfield code="i">R444 5 1987</subfield>
   <subfield code="p">1988/0931</subfield>
   <subfield code="t">Ej.3</subfield>
  </datafield>
 </record>
</collection>
